| 000 | 01793cam a2200421 a 4500 | ||
|---|---|---|---|
| 001 | 2142144 | ||
| 003 | OSt | ||
| 005 | 20140410091847.0 | ||
| 008 | 980408s2004 nyua b 000 1 eng | ||
| 010 | _a 98020939 | ||
| 020 | _a0689811780 | ||
| 040 |
_aDLC _cDLC _dDLC |
||
| 042 | _alcac | ||
| 050 | 0 | 0 |
_aPZ 7 _b.R982Heame 2004 |
| 100 | 1 |
_aRylant, Cynthia. _94596 |
|
| 245 | 1 | 0 |
_aHenry and Mudge and the funny lunch : _bthe twenty-fourth book of their adventures / _cby Cynthia Rylant ; illustrated by Carolyn Bracken in the style of Sucie Stevenson. |
| 260 |
_aNew York, NY : _bScholastic Inc., _cc2004. |
||
| 300 |
_a40 p. : _bcol. : ill. ; _c23 cm. |
||
| 440 | 0 |
_aReady-to-read. _nLevel 2 _923238 |
|
| 490 | 1 | _aThe Henry and Mudge books | |
| 520 | _aMudge looks forward to the Mother's Day surprise that Henry and his father cook up for Henry's mother. | ||
| 521 |
_aG4 _bLexile |
||
| 526 | _c600 | ||
| 562 | _eFor circulation. 1 copy in the collection | ||
| 650 | 1 |
_aDogs _vFiction. _923239 |
|
| 650 | 1 |
_aMother's Day _vFiction. _923240 |
|
| 650 | 1 |
_aFathers and sons _vFiction. _923241 |
|
| 650 | 1 |
_aFood _vFiction. _923242 |
|
| 700 | 1 |
_aBracken, Carolyn, _eill. _923243 |
|
| 800 | 1 |
_aRylant, Cynthia. _tHenry and Mudge books. _923244 |
|
| 856 | 4 | 2 |
_3Publisher description _uhttp://www.loc.gov/catdir/description/simon052/98020939.html |
| 856 | 4 | 1 |
_3Table of contents only _uhttp://www.loc.gov/catdir/enhancements/fy0630/98020939-t.html |
| 856 | 4 | 2 |
_3Contributor biographical information _uhttp://www.loc.gov/catdir/enhancements/fy0910/98020939-b.html |
| 906 |
_a7 _bcbc _corignew _d1 _eocip _f19 _gy-gencatlg |
||
| 942 |
_2lcc _cBK |
||
| 999 |
_c33517 _d33517 |
||